000 00355nam a2200157Ia 4500
008 221030s9999 xx 000 0 und d
041 _aEnglish
082 _a105.23
100 _aAadil Umar/371
245 0 _aCOMPUTER NETWORKING
260 _aJammu
_c2000
650 _aComputers
700 _aFaheem Nazin
700 _aImtiyaz Ali Bhat
942 _cTH
999 _c2915
_d2915